Landy Niemiec według map satelitarnych - Statystyki

Ogólne statystyki
  • Ten quiz został rozwiązany 7 razy
  • Średni wynik to 15 z 16
Statystyki odpowiedzi
Obrazkowy Odpowiedź % Poprawnych
Badenia-Wirtembergia
100%
Bawaria
100%
Berlin
100%
Brema
100%
Dolna Saksonia
100%
Hamburg
100%
Hesja
100%
Meklemburgia-Pomorze Przednie
100%
Nadrenia-Palatynat
100%
Saksonia
100%
Szlezwik-Holsztyn
100%
Turyngia
100%
Brandenburgia
83%
Saksonia-Anhalt
83%
Nadrenia-Północna Westfalia
67%
Saara
50%
Nie znaleziono quizów pasujących do podanych kryteriów
Rozkład punktacji
Procent ludzi z każdym wynikiem
Percentyl według liczby udzielonych odpowiedzi
Twoja historia wyników
Nie rozwiązałeś tego quizu